| 000 | 00750cam a2200253 a 4500 | ||
|---|---|---|---|
| 008 | |||
| 020 | _a9780803924314 (hbk.) | ||
| 049 | _aMAIN | ||
| 090 |
_aB828.2 _bLIN |
||
| 100 | 1 | _aLincoln, Yvonna S. | |
| 245 | 1 | 0 |
_aNaturalistic inquiry / _cYvonna S. Lincoln and Egon G. Guba. |
| 260 |
_aNewbury Park, California : _bSage, _cc1985. |
||
| 300 |
_a416 p. : _bill. ; _c23 cm. |
||
| 504 | _aIncludes bibliographical references. | ||
| 500 | _aIncludes index. | ||
| 504 | _aIncludes bibliographical references. | ||
| 650 | 0 | _aNaturalism. | |
| 700 | 1 | _aGuba, Egon G. | |
| 907 |
_a.b10385307 _b04-10-17 _c04-10-17 |
||
| 003 | |||
| 005 | 20230123122306.0 | ||
| 040 | _cNUST | ||
| 942 |
_cBOOKS _kB828.2 _mLIN |
||
| 999 |
_c131123 _d131123 |
||